000 01217nam0a22002531 4500
001 rc\1128708
005 20260407072848.0
035 _a(NLR Aleph) 006370646
090 _a4992916
_c4992916
100 _a20041126d1981 |||y0rusy50 ca
101 0 _arus
102 _aRU
105 _ay |||||||||
200 1 _aВременная методика определения экономической эффективности затрат в мероприятия по охране окружающей среды
_fАН СССР. Науч. совет по пробл. "Экон. эффективность основ. фондов, капит. вложений и новой техники", Ин-т экономики
_g[Разраб. акад. Г.С. Хачатуровым и др.]
210 _aМ.
_cБ. и.
_d1981
215 _a[1], 69 с.
_d21
702 1 _4570
_7ca
_8rus
_aХачатуров
_bТ. С.
_f1906-1989
_gТигран Сергеевич
_92642575
_3RU\NLR\AUTH\770273440
712 0 2 _aИнститут экономики
_cМосква
_3RU\NLR\AUTH\882985
_9277114
801 0 _aRU
_bNLR
_gpsbo
801 1 _aRU
_bELAR
_2rusmarc
852 _aNLR
_j81-4/27401
942 _cBOOK
980 _aNB